Find the Oceanic Countries Without 'B' or 'C' Quiz Stats

 Plays Quiz not verified by Sporcle

Score 0/12 Timer 01:00
0 Plays Today
% Correct
Australia
98.1%
Fiji
94.7%
Tonga
93.3%
New Zealand
92.8%
Nauru
92.3%
Vanuatu
92.3%
Marshall Islands
91.8%
Tuvalu
90.9%
Samoa
90.4%
Papua New Guinea
90.4%
Solomon Islands
89.4%
Palau
88.9%

You're not logged in!

Compare scores with friends on all Sporcle quizzes.
OR
Log In

Sporcle TV

Today on Sporcle TV


Watch our educational content, quiz creation guides, and fun videos on Sporcle TV.

Show Comments

Extras

Top Quizzes Today


Score Distribution

Your Account Isn't Verified!

In order to create a playlist on Sporcle, you need to verify the email address you used during registration. Go to your Sporcle Settings to finish the process.

Report this User

Report this user for behavior that violates our Community Guidelines.

Details: